00956nab a2200217 i 4500001000400000003000400004005001700008008003900025040000800064100014100072245013200213260001000345300002300355500012400378520009200502650002500594650001000619773008300629942001300712999001300725BPPBPK20160105104255.0160105s2000 pl n f |000 0pol cBPK aKOPCZEWSKI, Marian.d1997 - .bPolitechnika Koszalińska - Wydział Elektroniki,cKatedra Teorii Obwodów i Układów Elektronicznych aDowodzenie według procedur NATO :bmodel wypracowywania decyzji na szczeblu taktycznym WOPL WLOP /cM. Kopczewski, J. Ostapko. c2000. ezałączniki 1-12 asprawozdanie jednostki (Informator o publikowanych wynikach prac naukowo-badawczych w 2000 roku Wydziału Elektroniki). aStandaryzacja decyzji obowiązująca wszystkich członków struktur wojskowych NATO. 0aDowodzenie (wojsk.). 0aNATO. iW :tPrzegląd Wojsk Lotniczych i Obrony Powietrznej. -g08.08.2000, s. 16-34 cART2UKD c390d390